A Cathode Unit of a Pulse-Periodic Relativistic Magnetron; Instruments and Experimental Techniques; Vol. 60, iss. 6
| Parent link: | Instruments and Experimental Techniques.— , 1956- Vol. 60, iss. 6.— 2017.— [P. 833–836] |
|---|---|
| Hlavní autor: | |
| Korporativní autor: | |
| Další autoři: | , |
| Shrnutí: | Title screen The construction of a cathode unit of a pulse-periodic relativistic magnetron that contains an alignment adjuster for axial-symmetric installation of a cathode along the full length of anode block is described. The alignment adjuster makes it possible to rapidly adjust the relativistic magnetron to the maximum output power of microwave radiation. In this case, the process of assembling the device becomes considerably simpler. Режим доступа: по договору с организацией-держателем ресурса |
| Jazyk: | angličtina |
| Vydáno: |
2017
|
| Témata: | |
| On-line přístup: | https://doi.org/10.1134/S0020441217050098 |
| Médium: | MixedMaterials Elektronický zdroj Kapitola |
| KOHA link: | https://koha.lib.tpu.ru/cgi-bin/koha/opac-detail.pl?biblionumber=657234 |
MARC
| LEADER | 00000naa0a2200000 4500 | ||
|---|---|---|---|
| 001 | 657234 | ||
| 005 | 20250121090228.0 | ||
| 035 | |a (RuTPU)RU\TPU\network\23736 | ||
| 035 | |a RU\TPU\network\2602 | ||
| 090 | |a 657234 | ||
| 100 | |a 20180119d2017 k||y0engy50 ba | ||
| 101 | 1 | |a eng | |
| 102 | |a US | ||
| 135 | |a drcn ---uucaa | ||
| 181 | 0 | |a i | |
| 182 | 0 | |a b | |
| 200 | 1 | |a A Cathode Unit of a Pulse-Periodic Relativistic Magnetron |f I. I. Vintizenko, A. I. Mashchenko, V. Yu. Mityushkina | |
| 203 | |a Text |c electronic | ||
| 300 | |a Title screen | ||
| 320 | |a [References: p. 836 (2 tit.)] | ||
| 330 | |a The construction of a cathode unit of a pulse-periodic relativistic magnetron that contains an alignment adjuster for axial-symmetric installation of a cathode along the full length of anode block is described. The alignment adjuster makes it possible to rapidly adjust the relativistic magnetron to the maximum output power of microwave radiation. In this case, the process of assembling the device becomes considerably simpler. | ||
| 333 | |a Режим доступа: по договору с организацией-держателем ресурса | ||
| 461 | |t Instruments and Experimental Techniques |d 1956- | ||
| 463 | |t Vol. 60, iss. 6 |v [P. 833–836] |d 2017 | ||
| 610 | 1 | |a электронный ресурс | |
| 610 | 1 | |a труды учёных ТПУ | |
| 610 | 1 | |a импульсно-периодический режим | |
| 610 | 1 | |a магнетроны | |
| 610 | 1 | |a аксиально-симметричные решения | |
| 610 | 1 | |a микроволновое излучение | |
| 700 | 1 | |a Vintizenko |b I. I. |c physicist |c Head of laboratory of Tomsk Polytechnic University, doctor of physico-mathematical Sciences |f 1960- |g Igor Igorevich |3 (RuTPU)RU\TPU\pers\33094 |9 16926 | |
| 701 | 1 | |a Mashchenko |b A. I. |c physicist |c Senior researcher of Tomsk Polytechnic University, Candidate of technical sciences |f 1953- |g Aleksandr Ivanovich |3 (RuTPU)RU\TPU\pers\32726 | |
| 701 | 1 | |a Mityushkina |b V. Yu. |c physicist |c Engineer-designer of Tomsk Polytechnic University |f 1964- |g Vera Yurievna |3 (RuTPU)RU\TPU\pers\33472 | |
| 712 | 0 | 2 | |a Национальный исследовательский Томский политехнический университет (ТПУ) |b Инженерная школа ядерных технологий (ИЯТШ) |b Научно-исследовательская лаборатория СВЧ-технологии (НИЛ СВЧ-технологии) |c (2017- ) |3 (RuTPU)RU\TPU\col\23457 |
| 801 | 2 | |a RU |b 63413507 |c 20180119 |g RCR | |
| 856 | 4 | |u https://doi.org/10.1134/S0020441217050098 | |
| 942 | |c CF | ||